<?xml version="1.0" encoding="UTF-8"?><?xml-stylesheet type="text/xsl" href="static/style.xsl"?><OAI-PMH xmlns="http://www.openarchives.org/OAI/2.0/" xmlns:xsi="http://www.w3.org/2001/XMLSchema-instance" xsi:schemaLocation="http://www.openarchives.org/OAI/2.0/ http://www.openarchives.org/OAI/2.0/OAI-PMH.xsd"><responseDate>2026-04-13T05:59:57Z</responseDate><request verb="GetRecord" identifier="oai:www.recercat.cat:2099.1/11867" metadataPrefix="marc">https://recercat.cat/oai/request</request><GetRecord><record><header><identifier>oai:recercat.cat:2099.1/11867</identifier><datestamp>2025-07-17T16:35:59Z</datestamp><setSpec>com_2072_1033</setSpec><setSpec>col_2072_452951</setSpec></header><metadata><record xmlns="http://www.loc.gov/MARC21/slim" xmlns:dcterms="http://purl.org/dc/terms/" xmlns:xsi="http://www.w3.org/2001/XMLSchema-instance" xmlns:doc="http://www.lyncode.com/xoai" xsi:schemaLocation="http://www.loc.gov/MARC21/slim http://www.loc.gov/standards/marcxml/schema/MARC21slim.xsd">
   <leader>00925njm 22002777a 4500</leader>
   <datafield ind2=" " ind1=" " tag="042">
      <subfield code="a">dc</subfield>
   </datafield>
   <datafield ind2=" " ind1=" " tag="720">
      <subfield code="a">Jiménez Sánchez, David</subfield>
      <subfield code="e">author</subfield>
   </datafield>
   <datafield ind2=" " ind1=" " tag="260">
      <subfield code="c">2011-01-27</subfield>
   </datafield>
   <datafield ind2=" " ind1=" " tag="520">
      <subfield code="a">Este proyecto describe el diseño y la creación de un programa en PHP&#xd;
pensado para ser utilizado en el departamento comercial de una empresa&#xd;
inmobiliaria.&#xd;
Instalado en el servidor local de la empresa, al programa tendrá acceso todo&#xd;
el departamento comercial a través de los ordenadores clientes y su función&#xd;
será la de guardar en una base de datos MySQL toda la información del&#xd;
departamento de una forma ordenada y la de permitir la explotación de los&#xd;
datos con funciones específicas solicitadas por el director de la empresa, que&#xd;
permitirán un aumento de las posibilidades de la venta del producto que&#xd;
comercializan.&#xd;
En línea con la intención de la empresa de mejorar las ventas, se creará una&#xd;
página Web que interactuará con la información del servidor local y que tendrá&#xd;
como objetivo la captación de nuevos clientes, tanto compradores como&#xd;
vendedores, lo cual activará el movimiento comercial y facilitará el aumento de&#xd;
los beneficios.&#xd;
El proyecto empieza con reuniones con la empresa para saber el contexto de&#xd;
trabajo y las especificaciones del programa. A partir de aquí realizamos la&#xd;
evaluación de los lenguajes y programas más apropiados para la&#xd;
implementación y diseñamos el futuro programa. Tras el diseño&#xd;
implementamos el programa y comprobamos el correcto funcionamiento,&#xd;
siendo necesaria en muchas ocasiones la modificación del código.&#xd;
Comprobado el correcto funcionamiento del programa realizamos su manual&#xd;
de instalación y para finalizar hacemos el análisis temporal y económico del&#xd;
proyecto.</subfield>
   </datafield>
   <datafield tag="653" ind2=" " ind1=" ">
      <subfield code="a">Àrees temàtiques de la UPC::Informàtica::Sistemes d'informació::Bases de dades</subfield>
   </datafield>
   <datafield tag="653" ind2=" " ind1=" ">
      <subfield code="a">PHP (Computer program language)</subfield>
   </datafield>
   <datafield tag="653" ind2=" " ind1=" ">
      <subfield code="a">Real state management</subfield>
   </datafield>
   <datafield tag="653" ind2=" " ind1=" ">
      <subfield code="a">PHP</subfield>
   </datafield>
   <datafield tag="653" ind2=" " ind1=" ">
      <subfield code="a">MySQL</subfield>
   </datafield>
   <datafield tag="653" ind2=" " ind1=" ">
      <subfield code="a">Apache2triad</subfield>
   </datafield>
   <datafield tag="653" ind2=" " ind1=" ">
      <subfield code="a">HTML</subfield>
   </datafield>
   <datafield tag="653" ind2=" " ind1=" ">
      <subfield code="a">PHP (Llenguatge de programació)</subfield>
   </datafield>
   <datafield tag="653" ind2=" " ind1=" ">
      <subfield code="a">Béns immobles -- Administració</subfield>
   </datafield>
   <datafield ind2="0" ind1="0" tag="245">
      <subfield code="a">Programa de gestión inmobilaria</subfield>
   </datafield>
</record></metadata></record></GetRecord></OAI-PMH>